Missing Word: Landmark Court Cases Quiz Stats

Quiz Updated Nov 21, 2014

Challenge
Share
Tweet
Embed
Score 0/14 Timer 04:00
1 Play Today
Court Case Missing Word % Correct
___ v. WadeRoe
87.6%
_____ v. Board of EducationBrown
83.2%
Dred ____ v. SandfordScott
82.9%
____ v. GoreBush
77.3%
Plessy v. ________Ferguson
73.8%
Marbury v. ______Madison
63.4%
_______ v. ArizonaMiranda
57.5%
Court Case Missing Word % Correct
United States v. _____Nixon
37.3%
McCulloch v. ________Maryland
35.1%
Gideon v. __________Wainwright
27.6%
Griswold v. ___________Connecticut
21.1%
____ v. OhioMapp
14.5%
_________ v. United StatesKorematsu
12.8%
______ v. GeorgiaFurman
7%

Today's Daily Dose

You're not logged in!

Compare scores with friends on all Sporcle quizzes.
Sign Up with Email
OR
Log In

You Might Also Like...

Show Comments

Extras

Top Quizzes Today


Score Distribution

Your Account Isn't Verified!

In order to create a playlist on Sporcle, you need to verify the email address you used during registration. Go to your Sporcle Settings to finish the process.